|
|
|
|
| LEADER |
01970nim a2200565 i 4500 |
| 001 |
001873463 |
| 003 |
CZ BrMZK |
| 005 |
20231201090635.0 |
| 007 |
sd fungnnmmned |
| 008 |
231012t20232023xr nnnng f n cze |
| 015 |
|
|
|a cnb003565774
|
| 024 |
3 |
|
|a 8590236119321
|
| 028 |
0 |
1 |
|a CR1193-2
|b Radioservis
|
| 040 |
|
|
|a BOA001
|b cze
|e rda
|
| 041 |
1 |
|
|d cze
|h eng
|
| 072 |
|
7 |
|a 821.111-3
|x Anglická próza, anglicky psaná
|2 Konspekt
|9 25
|
| 080 |
|
|
|a 821.111-31
|2 MRF
|
| 080 |
|
|
|a (0:82-31)
|2 MRF
|
| 080 |
|
|
|a (086.7)08
|2 MRF
|
| 080 |
|
|
|a (086.76)
|2 MRF
|
| 100 |
1 |
|
|a Westmacott, Mary,
|d 1890-1976
|7 jo2002107942
|4 aut
|
| 240 |
1 |
0 |
|a Unfinished portrait.
|l Česky
|7 aun20191043890
|
| 245 |
1 |
0 |
|a Nedokončený portrét /
|c Agatha Christie pod pseudonymem Mary Westmacott ; překlad Jana Ohnesorg
|
| 264 |
|
1 |
|a [Praha] :
|b Radioservis,
|c [2023]
|
| 264 |
|
4 |
|c ©2023,
|c ℗2020
|
| 300 |
|
|
|a 1 audiodisk (6 hod., 16 min.) ;
|c 12 cm
|
| 306 |
|
|
|a 061600
|
| 336 |
|
|
|a mluvené slovo
|b spw
|2 rdacontent
|
| 337 |
|
|
|a audio
|b s
|2 rdamedia
|
| 338 |
|
|
|a audiodisk
|b sd
|2 rdacarrier
|
| 344 |
|
|
|a digital
|b optical
|2 rda
|
| 347 |
|
|
|a audio soubor
|b MP3
|2 rda
|
| 500 |
|
|
|a Název z disku
|
| 500 |
|
|
|a Fonogram Český rozhlas
|
| 500 |
|
|
|a "Autobiografie skrytá ve fikci"--Pouzdro
|
| 508 |
|
|
|a Režie Jiří Seydler
|
| 511 |
0 |
|
|a Čte Jan Vlasák
|
| 655 |
|
7 |
|a anglické romány
|7 fd131814
|2 czenas
|
| 655 |
|
7 |
|a audioknihy
|7 fd119452
|2 czenas
|
| 655 |
|
7 |
|a kompaktní disky
|7 fd201991
|2 czenas
|
| 655 |
|
9 |
|a English fiction
|2 eczenas
|
| 655 |
|
9 |
|a audiobooks
|2 eczenas
|
| 655 |
|
9 |
|a compact discs
|2 eczenas
|
| 700 |
1 |
|
|a Ohnesorg, Jana,
|d 1976-
|7 xx0109208
|4 trl
|
| 700 |
1 |
|
|a Seydler, Jiří,
|d 1969-
|7 js20060407029
|4 drt
|
| 700 |
1 |
|
|a Vlasák, Jan,
|d 1943-
|7 jn20000402553
|4 nrt
|
| 910 |
|
|
|a BOA001
|b CDR-1515.300
|
| 990 |
|
|
|a AV
|
| 991 |
|
|
|b 202312
|c NOV
|
| 996 |
6 |
|
|b 2610950930
|c CDR-1515.300
|l MZK
|r Sklad / do 24 hodin
|n 0
|p p.v.
|w 001941198
|u 000010
|a 1
|e BOA001
|j MZK50
|s P
|